|
|
|
|
| LEADER |
00000nab a2200000 a 4500 |
| 001 |
vtls000845579 |
| 003 |
SK-MaSNL |
| 005 |
20260305015017.0 |
| 008 |
140303s2003 xo 0 slo |
| 015 |
|
|
|a SNBRB2003/09-25550
|
| 035 |
|
|
|a CLN000197234
|
| 040 |
|
|
|a SNKBUCL
|b slo
|c SNKBUCL
|e AACR2
|
| 041 |
0 |
|
|a slo
|
| 044 |
|
|
|a xo
|c SK
|
| 080 |
|
|
|a 614:061.1(100):061.3
|2 1997
|
| 080 |
|
|
|a 061.1(100):614:061.3
|2 1997
|
| 100 |
1 |
|
|a Sedláková, Darina
|4 aut
|9 20927
|
| 245 |
1 |
0 |
|a Tri hrozby pre zdravie: SARS, AIDS, tabak
|b o výsledkoch 56. zasadnutia Svetového zdravotníckeho zhromaždenia
|c Darina Sedláková
|
| 610 |
2 |
7 |
|a Svetová zdravotnícka organizácia
|2 snkbucl
|9 15743
|
| 611 |
1 |
7 |
|a Svetové zdravotnícke zhromaždenie
|n 56.
|d 2003
|c Ženeva, Švajčiarsko
|2 snkbucl
|9 1593599
|
| 650 |
0 |
7 |
|a zdravie
|2 snkbucl
|9 16322
|
| 655 |
|
7 |
|a články z novín a časopisov
|2 snkbucl
|9 267496
|
| 773 |
0 |
|
|t Zdravotnícke noviny
|g Roč. 8, č. 27 (2003), s. 7
|x 1335-4477
|
| 850 |
|
|
|a Slovenská národná knižnica v Martine
|
| 852 |
|
|
|a SNK
|b KIS3GCP
|
| 958 |
|
|
|a MI
|
| 992 |
|
|
|a RBX
|
| 999 |
|
|
|c 3272575
|d 3274505
|